000 00623nam a2200229Ia 4500
003 OSt
005 20221007065032.0
006 a|||||r|||| 00| 0
007 ta
008 221006b |||||||| |||| 00| 0 eng d
024 _a17,249
037 _cTextual
040 _aFLL
_cFLL
_beng
041 _2eng
_aeng
082 _aXM55:Z2g, M0
100 _aChakraborti A.M. Au.
_9686577
245 0 _aCompany rules law and practice
260 _aDelhi
_bTaxmann Pub. India
_c1980
300 _axxviii,2.180p
_ccm.
942 _hXM55:Z2g, M0
_cTEXL
_2CC
999 _c1136133
_d1136133